Chemie - Statistics

General Stats
  • This quiz has been taken 12 times
  • The average score is 15 of 21
Answer Stats
Hint Answer % Correct
waterstof H
100%
fosfor P
100%
cadmium Cd
91%
magnesium Mg
91%
natrium Na
91%
neon Ne
91%
zuurstof O
91%
silicium Si
91%
goud Au
82%
platina Pt
82%
uraan U
82%
B Boor
64%
Br Broom
64%
Cl Chloor
64%
ijzer Fe
55%
Li Lithium
55%
C Koolstof
45%
Cu Koper
45%
Pb Lood
45%
Hg Kwik
36%
As Arseen
27%
No matching quizzes found
Score Distribution
Percent of People with Each Score
Percentile by Number Answered
Your Score History
You have not taken this quiz